[Event "Salon de Provence op 3rd"]
[Site "Salon de Provence"]
[Date "2008.04.16"]
[Round "4"]
[White "Barles, Mathieu"]
[Black "Costa, Jean Yves"]
[Result "0-1"]
[WhiteElo "1009"]
[BlackElo "1979"]
[PlyCount "56"]
[EventDate "2008.04.14"]
[EventType "swiss"]
[EventRounds "7"]
[EventCountry "FRA"]
[SourceTitle "CBM 123 Extra"]
[Source "ChessBase"]
[SourceDate "2008.05.06"]
[SourceVersion "1"]
[SourceVersionDate "2008.05.06"]
[SourceQuality "1"]

1. e3 Nf6 2. Nf3 g6 3. Bc4 Bg7 4. Bb3 0-0 5. Qe2 a5 6. Qc4 d5 7. Qd4 Nc6 8. Qc5 a4 9. Bxd5 Qxd5 10. Qxd5 Nxd5 11. e4 Ndb4 12. Na3 Bg4 13. c3 Nd3+ 14. Ke2 Nce5 15. h3 Bxf3+ 16. gxf3 Bh6 17. Nc4 Nxc1+ 18. Raxc1 Nxc4 19. b3 axb3 20. axb3 Nxd2 21. Rc2 Nxb3 22. Rb1 Ra3 23. Rcb2 Nc1+ 24. Kd1 Rxc3 25. Rc2 Rd8+ 26. Ke1 Rxc2 27. Rxb7 Nd3+ 28. Kd1 Rd2# 0-1

[Event "Salon de Provence op 3rd"]
[Site "Salon de Provence"]
[Date "2008.04.15"]
[Round "3"]
[White "Sanchez, Frederic"]
[Black "Barles, Mathieu"]
[Result "1-0"]
[WhiteElo "1199"]
[BlackElo "1009"]
[PlyCount "33"]
[EventDate "2008.04.14"]
[EventType "swiss"]
[EventRounds "7"]
[EventCountry "FRA"]
[SourceTitle "CBM 123 Extra"]
[Source "ChessBase"]
[SourceDate "2008.05.06"]
[SourceVersion "1"]
[SourceVersionDate "2008.05.06"]
[SourceQuality "1"]

1. d4 e6 2. Bf4 Nc6 3. e3 Qe7 4. Nf3 Qb4+ 5. c3 Nf6 6. Qb3 Qxb3 7. axb3 Ne4 8. Bxc7 Nd6 9. Nbd2 b6 10. Bd3 Bb7 11. Nc4 Rc8 12. Nxd6+ Bxd6 13. Bxd6 a6 14. Bxa6 Ra8 15. 0-0 Bxa6 16. Ne5 Bxf1 17. Rxa8+ 1-0